Soil science : (Record no. 11609)

000 -LEADER
fixed length control field 00465pam a2200157 a 4500
020 ## - INTERNATIONAL STANDARD BOOK NUMBER
ISBN 0470221410 (US)
020 ## - INTERNATIONAL STANDARD BOOK NUMBER
ISBN 0582087848 (UK)
040 ## - CATALOGING SOURCE
Transcribing agency DLC
082 00 - DEWEY DECIMAL CLASSIFICATION NUMBER
Classification number 631 LON 1994 A038 Or.
100 1# - MAIN ENTRY--AUTHOR NAME
Personal name Rowell, David L.,
245 10 - TITLE STATEMENT
Title Soil science :
Remainder of title methods and applications /
260 ## - PUBLICATION, DISTRIBUTION, ETC. (IMPRINT)
Place of publication Harlow, Essex :
Name of publisher Longman Scientific & Technical ;
Place of publication New York :
Name of publisher Wiley,
Year of publication 1994.
300 ## - PHYSICAL DESCRIPTION
Number of Pages 350 p. :
Other physical details ill. (some col.) ;
Dimensions 25 cm.
650 #0 - SUBJECT ADDED ENTRY--TOPICAL TERM
Topical Term Soil science.
942 ## - ADDED ENTRY ELEMENTS (KOHA)
Koha item type សៀវភៅភាសាអង់គ្លេស
952 ## - LOCATION AND ITEM INFORMATION (KOHA)
Withdrawn status [LOCAL, KOHA] 0
Holdings
Permanent Location Date acquired Koha item type Lost status Shelving location Barcode Current Location Full call number
Library Block A2017-08-04សៀវភៅភាសាអង់គ្លេស A038A12136Library Block A631 LON 1994 A038 Or.
មជ្ឈមណ្ឌលឯការនៃសាកលវិទ្យាល័យភូមិន្ទកសិកម្មចំការដូង

Powered by Koha